[Event "HUN-chT2 Toth 1213"]
[Site "Hungary"]
[Date "2013.02.17"]
[Round "7.11"]
[White "Borbely, Zsombor"]
[Black "Karolyi, Mate"]
[Result "0-1"]
[WhiteElo "1565"]
[BlackElo "1493"]
[PlyCount "60"]
[EventDate "2012.09.16"]
[EventType "team-tourn"]
[EventRounds "11"]
[EventCountry "HUN"]
[SourceTitle "EXT 2014"]
[Source "ChessBase"]
[SourceDate "2013.11.20"]
[SourceVersion "1"]
[SourceVersionDate "2013.11.20"]
[SourceQuality "1"]
[WhiteTeam "Debrecen Sakkbaratok"]
[BlackTeam "Abony"]
[WhiteTeamCountry "HUN"]
[BlackTeamCountry "HUN"]

1. e4 c6 2. d4 d5 3. exd5 cxd5 4. c4 dxc4 5. Bxc4 Nf6 6. Nc3 Nc6 7. Nge2 e6 8. 0-0 Bd6 9. Bg5 h6 10. Bh4 Qc7 11. Nb5 Qb8 12. Nxd6+ Qxd6 13. Bg3 Qe7 14. Nc3 0-0 15. d5 Rd8 16. Re1 Qb4 17. Qd3 exd5 18. Bb3 Be6 19. Bc2 d4 20. Ne2 Bc4 21. Qf3 d3 22. b3 dxe2 23. bxc4 Nd4 24. Qd3 Nxc2 25. Qxc2 Rd2 26. Qc1 Rad8 27. f3 Rd1 28. Qc2 R8d2 29. Qf5 Qc3 30. Qc8+ Rd8 0-1